| 000 | 00400nam a2200169Ia 4500 | ||
|---|---|---|---|
| 008 | 210210b1944 xxu||||| |||| 00| 0 eng d | ||
| 041 | _aeng | ||
| 082 | _a828/521 | ||
| 100 | _aQUILLER (Couch) | ||
| 245 | _aMemories and opinions | ||
| 260 |
_aCambridge _bAt the University Press. _c1944 |
||
| 650 | _aopinions | ||
| 650 | _aMemories | ||
| 650 | _aand | ||
| 690 | _aBiography | ||
| 906 | _a016366 | ||
| 999 |
_c135868 _d135868 |
||